Особливості дискурсивного аналізу художнього тексту (на прикладі творів "Через двадцять років" ОГенрі та "Чорний кіт" Едгара По) (Запис № 283963)
[ простий вигляд ]
| 000 -LEADER | |
|---|---|
| fixed length control field | 02721nam a22001577a 4500 |
| 041 ## - LANGUAGE CODE | |
| Language code of text/sound track or separate title | ukr |
| 080 ## - UNIVERSAL DECIMAL CLASSIFICATION NUMBER | |
| Universal Decimal Classification number | 09 |
| 090 ## - LOCALLY ASSIGNED LC-TYPE CALL NUMBER (OCLC); LOCAL CALL NUMBER (OCLC) | |
| Local cutter number (OCLC) ; Book number/undivided call number, CALL (RLIN) | АВГ |
| 100 ## - MAIN ENTRY--PERSONAL NAME | |
| Personal name | Августюк М.М. |
| 245 ## - TITLE STATEMENT | |
| Title | Особливості дискурсивного аналізу художнього тексту (на прикладі творів "Через двадцять років" ОГенрі та "Чорний кіт" Едгара По) |
| 260 ## - PUBLICATION, DISTRIBUTION, ETC. (IMPRINT) | |
| Place of publication, distribution, etc | Острог |
| Name of publisher, distributor, etc | КАФ |
| Date of publication, distribution, etc | 2007 |
| 300 ## - PHYSICAL DESCRIPTION | |
| Extent | 72 |
| 520 ## - SUMMARY, ETC. | |
| Summary, etc | Вступ.<br/>Розділ 1. Дискурс як соціолінгвістичний феномен та його місце в теорії комунікації.<br/>1.1. Поняття дискурсу у сучасній лінгвістиці.<br/>1.2. Походження і розвиток дискурсу.<br/>1.3. Дослідження дискурсу на сучасному етапі.<br/>1.4. Типологія дискурсу.<br/>1.4.1. Категорії дискурсу.<br/>1.4.2. Класифікації дискурсу.<br/>1.4.3. Дискурсивні моделі.<br/>Розділ 2. Функціональний підхід до вивчення текстів.<br/>2.1. Властивості дискурсу в теорії комунікативного акту.<br/>2.1.1. Структура, аспекти та умови комунікативного акту.<br/>2.1.2. Комунікативні властивості дискурсу.<br/>2.2.3. Основні ознаки діалогічного та монологічного мовлення.<br/>2.2. Розмежування понять «дискурс» і «текст».<br/>2.2.1. Тлумачення тексту.<br/>2.2.2. Параметри, ознаки та межі тексту.<br/>2.2.3. Значення та інтерпретація рівнів дискурсу і тексту.<br/>2.3. Загальноприйняті підходи до вивчення проблем дискурсивного аналізу.<br/>2.4. Особливості та методи дискурсивного аналізу.<br/>2.5. Лінійність дискурсу.<br/>2.6. Етапність дискурс-аналізу.<br/>Розділ 3. Дискурсивний аналіз художнього тексту.<br/>3.1. Дискурсивний аналіз оповідань «Через двадцять років» та «Чорний кіт».<br/>3.1.1. Аналіз оповідання «Через двадцять років».<br/>3.1.2. Аналіз оповідання «Чорний кіт».<br/>3.1.3. Порівняльна характеристика оповідань.<br/>Висновки. |
| -- | дискурс, текст, аналіз |
| 650 ## - SUBJECT ADDED ENTRY--TOPICAL TERM | |
| Topical term or geographic name as entry element | Research Papers |
| 942 ## - ADDED ENTRY ELEMENTS (KOHA) | |
| Koha item type | Книги |
| Withdrawn status | Lost status | Source of classification or shelving scheme | Damaged status | Not for loan | Home library | Current library | Date acquired | Source of acquisition | Cost, normal purchase price | Total Checkouts | Full call number | Barcode | Date last seen | Price effective from | Koha item type |
|---|---|---|---|---|---|---|---|---|---|---|---|---|---|---|---|
| Universal Decimal Classification | ВІЛ - Відділ іноземн. літератури НБ | ВІЛ - Відділ іноземн. літератури НБ | 16/04/2009 | Акт №1 | 1.00 | 09 | 213541 | 20/12/2021 | 16/04/2009 | Книги |